[Event "Druzheskij Blitz (3+2) turnir ¹3 na Iristonskoj 06.10.2019g."]
[Site "VLADIKAVKAZ"]
[Date "2019.10.06"]
[Round "2.2"]
[White "Basiev, Georgiy"]
[Black "Agkatsev, Albert A"]
[Result "0-1"]
[TimeControl "3' + 2\""]
[WhiteElo "1424"]
[BlackElo "1725"]

1. d4 {[%clk 00:03:03]} c5 {[%clk 00:03:04]} 2. d5 {[%clk 00:03:02]} {[%emt
00:00:03]} e5 {[%clk 00:03:05]} {[%emt 00:00:01]} 3. c4 {[%clk 00:03:03]}
{[%emt 00:00:01]} d6 {[%clk 00:03:06]} 4. Nc3 {[%clk 00:03:02]} {[%emt
00:00:03]} f5 {[%clk 00:03:07]} {[%emt 00:00:01]} 5. e4 {[%clk 00:03:00]}
{[%emt 00:00:04]} Nf6 {[%clk 00:03:08]} {[%emt 00:00:01]} 6. Bd3 {[%clk
00:03:00]} {[%emt 00:00:03]} f4 {[%clk 00:03:06]} {[%emt 00:00:03]} 7. g3
{[%clk 00:02:55]} {[%emt 00:00:06]} g5 {[%clk 00:03:07]} 8. Nf3 {[%clk
00:02:51]} {[%emt 00:00:07]} g4 {[%clk 00:03:02]} {[%emt 00:00:07]} 9. Nh4
{[%clk 00:02:40]} {[%emt 00:00:12]} f3 {[%clk 00:03:01]} {[%emt 00:00:03]} 10.
h3 {[%clk 00:02:38]} {[%emt 00:00:05]} h5 {[%clk 00:02:59]} {[%emt 00:00:04]}
11. Ng6 {[%clk 00:02:32]} {[%emt 00:00:08]} Rg8 {[%clk 00:03:00]} 12. Nxf8
{[%clk 00:02:30]} {[%emt 00:00:03]} Rxf8 {[%clk 00:02:53]} {[%emt 00:00:10]} 13.
hxg4 {[%clk 00:02:24]} {[%emt 00:00:08]} hxg4 {[%clk 00:02:54]} 14. Bg5 {[%clk
00:02:02]} {[%emt 00:00:25]} Rg8 {[%clk 00:02:45]} {[%emt 00:00:10]} 15. Qd2
{[%clk 00:02:01]} {[%emt 00:00:03]} a6 {[%clk 00:02:26]} {[%emt 00:00:22]} 16.
Rh6 {[%clk 00:01:58]} {[%emt 00:00:05]} Nbd7 {[%clk 00:02:22]} {[%emt
00:00:05]} 17. Nd1 {[%clk 00:01:43]} {[%emt 00:00:18]} Kf7 {[%clk 00:02:14]}
{[%emt 00:00:11]} 18. Nc3 {[%clk 00:00:54]} {[%emt 00:00:51]} Rh8 {[%clk
00:01:51]} {[%emt 00:00:26]} 19. O-O-O {[%clk 00:00:38]} {[%emt 00:00:17]} Rxh6
{[%clk 00:01:51]} {[%emt 00:00:02]} 20. Bxh6 {[%clk 00:00:39]} {[%emt
00:00:01]} Qg8 {[%clk 00:00:54]} {[%emt 00:00:59]} 21. Rh1 {[%clk 00:00:36]}
{[%emt 00:00:05]} Qg6 {[%clk 00:00:38]} {[%emt 00:00:18]} 22. Bg5 {[%clk
00:00:22]} {[%emt 00:00:15]} b6 {[%clk 00:00:22]} {[%emt 00:00:19]} 23. Rh6
{[%clk 00:00:12]} {[%emt 00:00:13]} Qg7 {[%clk 00:00:23]} {[%emt 00:00:01]} 24.
Nd1 {[%clk 00:00:08]} {[%emt 00:00:05]} Bb7 {[%clk 00:00:18]} {[%emt 00:00:07]}
25. Rh1 {[%clk 00:00:06]} {[%emt 00:00:04]} Rh8 {[%clk 00:00:11]} {[%emt
00:00:09]} 26. Rxh8 {[%clk 00:00:05]} {[%emt 00:00:03]} Qxh8 {[%clk 00:00:13]}
27. Ne3 {[%clk 00:00:04]} {[%emt 00:00:03]} Qh1+ {[%clk 00:00:14]} 28. Kc2
{[%clk 00:00:06]} a5 {[%clk 00:00:13]} {[%emt 00:00:03]} 29. Nf5 {[%clk
00:00:06]} {[%emt 00:00:01]} Qh5 {[%clk 00:00:10]} {[%emt 00:00:04]} 30. Nxd6+
{[%clk 00:00:06]} {[%emt 00:00:03]} Kg6 {[%clk 00:00:12]} 31. Nxb7 {[%clk
00:00:05]} {[%emt 00:00:03]} Qxg5 {[%clk 00:00:12]} {[%emt 00:00:02]} 32. Qxg5+
{[%clk 00:00:06]} {[%emt 00:00:01]} Kxg5 {[%clk 00:00:14]} 33. Nd6 {[%clk
00:00:05]} {[%emt 00:00:02]} Ng8 {[%clk 00:00:09]} {[%emt 00:00:06]} 34. Nc8
{[%clk 00:00:05]} {[%emt 00:00:02]} Nh6 {[%clk 00:00:10]} {[%emt 00:00:02]} 35.
Kb3 {[%clk 00:00:05]} {[%emt 00:00:02]} Nf7 {[%clk 00:00:11]} {[%emt 00:00:01]}
36. Ka4 {[%clk 00:00:05]} {[%emt 00:00:01]} Kf6 {[%clk 00:00:12]} 37. Kb5
{[%clk 00:00:07]} Ng5 {[%clk 00:00:11]} {[%emt 00:00:03]} 38. Kc6 {[%clk
00:00:06]} {[%emt 00:00:02]} Nf8 {[%clk 00:00:09]} {[%emt 00:00:05]} 39. Nxb6
{[%clk 00:00:07]} {[%emt 00:00:01]} Nh3 {[%emt 00:00:04]} 40. d6 {[%clk
00:00:06]} {[%emt 00:00:01]} Nxf2 {[%clk 00:00:09]} {[%emt 00:00:02]} 41. d7
{[%clk 00:00:06]} {[%emt 00:00:02]} Ke7 {[%clk 00:00:10]} 42. Nd5+ {[%clk
00:00:05]} {[%emt 00:00:03]} Kd8 {[%clk 00:00:11]} {[%emt 00:00:01]} 43. Bc2
{[%clk 00:00:04]} {[%emt 00:00:03]} Nxd7 {[%emt 00:00:15]} 0-1

[Event "Druzheskij Blitz (3+2) turnir ¹3 na Iristonskoj 06.10.2019g."]
[Site "VLADIKAVKAZ"]
[Date "2019.10.06"]
[Round "2.3"]
[White "Tsamaladze, Pavel"]
[Black "Agkatsev, Felix A"]
[Result "0-1"]
[TimeControl "3' + 2\""]
[WhiteElo "1141"]
[BlackElo "1583"]

1. d4 {[%clk 00:03:03]} Nf6 {[%clk 00:03:04]} {[%emt 00:00:01]} 2. Nf3 e6 3.
Bf4 {[%emt 00:00:01]} b6 4. e3 {[%clk 00:03:06]} Bb7 {[%clk 00:03:08]} 5. Bd3
{[%clk 00:03:06]} {[%emt 00:00:01]} Be7 {[%clk 00:03:10]} {[%emt 00:00:01]} 6.
c4 {[%clk 00:03:06]} {[%emt 00:00:02]} d5 {[%clk 00:03:11]} {[%emt 00:00:01]} 7.
Nc3 {[%clk 00:03:06]} {[%emt 00:00:03]} c5 {[%clk 00:03:11]} {[%emt 00:00:01]}
8. O-O {[%clk 00:03:06]} {[%emt 00:00:02]} dxc4 {[%clk 00:03:11]} {[%emt
00:00:02]} 9. Bxc4 {[%clk 00:03:06]} {[%emt 00:00:01]} O-O {[%clk 00:03:11]}
{[%emt 00:00:02]} 10. h3 {[%clk 00:03:07]} Nc6 {[%clk 00:02:55]} {[%emt
00:00:19]} 11. Re1 {[%clk 00:03:02]} {[%emt 00:00:07]} cxd4 {[%clk 00:02:40]}
{[%emt 00:00:17]} 12. Nxd4 {[%clk 00:03:00]} {[%emt 00:00:04]} Nxd4 {[%clk
00:02:35]} {[%emt 00:00:07]} 13. exd4 {[%clk 00:02:57]} {[%emt 00:00:05]} Rc8
{[%clk 00:02:36]} 14. Bb3 {[%clk 00:02:52]} {[%emt 00:00:08]} Bb4 {[%clk
00:02:34]} {[%emt 00:00:03]} 15. Rc1 {[%clk 00:02:49]} {[%emt 00:00:05]} Bxc3
{[%clk 00:02:10]} {[%emt 00:00:26]} 16. bxc3 {[%clk 00:02:50]} {[%emt
00:00:02]} Ne4 {[%clk 00:02:10]} {[%emt 00:00:02]} 17. Qd3 {[%clk 00:02:40]}
{[%emt 00:00:12]} Nf6 {[%clk 00:01:58]} {[%emt 00:00:13]} 18. Bg5 {[%clk
00:02:18]} {[%emt 00:00:25]} h6 {[%clk 00:02:00]} 19. Bh4 {[%clk 00:02:19]} g5
{[%clk 00:01:49]} {[%emt 00:00:12]} 20. Bg3 {[%clk 00:02:19]} {[%emt 00:00:02]}
Qd7 {[%clk 00:01:28]} {[%emt 00:00:23]} 21. Bc2 {[%clk 00:02:05]} {[%emt
00:00:16]} Qd5 {[%clk 00:01:17]} {[%emt 00:00:13]} 22. Be5 {[%clk 00:01:44]}
{[%emt 00:00:24]} Qxg2# {[%clk 00:01:16]} {[%emt 00:00:04]} 0-1

[Event "Druzheskij Blitz (3+2) turnir ¹3 na Iristonskoj 06.10.2019g."]
[Site "VLADIKAVKAZ"]
[Date "2019.10.06"]
[Round "2.4"]
[White "Storozhenko, Mihail"]
[Black "Hortiev, Alan"]
[Result "0-1"]
[TimeControl "3' + 2\""]
[WhiteElo "1061"]
[BlackElo "1638"]

1. e4 {[%clk 00:03:03]} {[%emt 00:00:01]} c5 {[%clk 00:03:03]} {[%emt
00:00:01]} 2. Nf3 {[%clk 00:03:04]} {[%emt 00:00:01]} Nf6 {[%clk 00:03:04]}
{[%emt 00:00:01]} 3. Bc4 {[%clk 00:03:04]} {[%emt 00:00:02]} e6 {[%clk
00:03:05]} {[%emt 00:00:01]} 4. c3 {[%clk 00:03:03]} {[%emt 00:00:02]} d5
{[%clk 00:03:05]} {[%emt 00:00:02]} 5. exd5 {[%clk 00:03:00]} {[%emt 00:00:05]}
exd5 {[%clk 00:03:06]} {[%emt 00:00:01]} 6. Bb5+ {[%clk 00:03:00]} {[%emt
00:00:03]} Bd7 {[%clk 00:03:07]} {[%emt 00:00:01]} 7. Qe2+ {[%clk 00:02:57]}
{[%emt 00:00:04]} Be7 {[%clk 00:03:05]} {[%emt 00:00:03]} 8. O-O {[%clk
00:02:55]} {[%emt 00:00:04]} a6 {[%clk 00:03:02]} {[%emt 00:00:05]} 9. Bxd7+
{[%clk 00:02:43]} {[%emt 00:00:14]} Qxd7 {[%clk 00:03:02]} {[%emt 00:00:02]} 10.
Re1 {[%clk 00:02:41]} {[%emt 00:00:04]} Nc6 {[%clk 00:03:03]} {[%emt 00:00:01]}
11. d4 {[%clk 00:02:38]} {[%emt 00:00:04]} c4 {[%clk 00:02:55]} {[%emt
00:00:10]} 12. Bg5 {[%clk 00:02:39]} {[%emt 00:00:01]} O-O {[%clk 00:02:53]}
{[%emt 00:00:04]} 13. Ne5 {[%clk 00:02:31]} {[%emt 00:00:10]} Nxe5 {[%clk
00:02:46]} {[%emt 00:00:08]} 14. Qxe5 {[%clk 00:02:31]} {[%emt 00:00:02]} Rfe8
{[%clk 00:02:44]} {[%emt 00:00:04]} 15. Nd2 {[%clk 00:02:23]} {[%emt 00:00:10]}
Bd6 {[%clk 00:02:31]} {[%emt 00:00:14]} 16. Bxf6 {[%clk 00:02:03]} {[%emt
00:00:23]} Bxe5 {[%clk 00:02:29]} {[%emt 00:00:04]} 17. Bxe5 {[%clk 00:02:03]}
{[%emt 00:00:01]} f6 {[%clk 00:02:29]} {[%emt 00:00:03]} 18. Bg3 {[%clk
00:02:00]} {[%emt 00:00:05]} b5 {[%clk 00:02:24]} {[%emt 00:00:07]} 19. b4
{[%clk 00:01:53]} {[%emt 00:00:09]} Rxe1+ {[%clk 00:02:22]} {[%emt 00:00:04]}
20. Rxe1 Re8 21. Ra1 {[%clk 00:01:38]} {[%emt 00:00:18]} Re2 {[%clk 00:02:19]}
{[%emt 00:00:06]} 22. Nf3 {[%clk 00:01:31]} {[%emt 00:00:10]} Rc2 {[%clk
00:02:14]} {[%emt 00:00:07]} 23. a4 {[%clk 00:01:23]} {[%emt 00:00:11]} Rxc3
{[%clk 00:02:06]} {[%emt 00:00:10]} 24. axb5 {[%clk 00:01:19]} {[%emt
00:00:06]} axb5 {[%clk 00:02:07]} {[%emt 00:00:02]} 25. Ra8+ {[%clk 00:01:05]}
{[%emt 00:00:16]} Kf7 {[%clk 00:02:07]} {[%emt 00:00:01]} 26. h3 {[%clk
00:01:06]} {[%emt 00:00:01]} Rc1+ {[%clk 00:02:01]} {[%emt 00:00:08]} 27. Kh2
{[%clk 00:01:06]} {[%emt 00:00:02]} c3 {[%clk 00:01:50]} {[%emt 00:00:13]} 28.
Bb8 {[%clk 00:00:37]} {[%emt 00:00:31]} g5 {[%clk 00:01:17]} {[%emt 00:00:35]}
29. Ra7 {[%clk 00:00:37]} {[%emt 00:00:02]} Qxa7 {[%clk 00:01:18]} 30. Bxa7
{[%clk 00:00:38]} {[%emt 00:00:01]} Ra1 {[%clk 00:01:19]} 31. Ng1 {[%clk
00:00:05]} {[%emt 00:00:36]} c2 {[%clk 00:01:19]} {[%emt 00:00:02]} 32. Ne2
{[%clk 00:00:05]} {[%emt 00:00:02]} Re1 {[%clk 00:01:18]} {[%emt 00:00:02]} 0-1

[Event "Druzheskij Blitz (3+2) turnir ¹3 na Iristonskoj 06.10.2019g."]
[Site "VLADIKAVKAZ"]
[Date "2019.10.06"]
[Round "2.5"]
[White "Gaboev, Batraz"]
[Black "Basiev, Valeriy P."]
[Result "0-1"]
[TimeControl "3' + 2\""]
[WhiteElo "1987"]
[BlackElo "2002"]

1. g3 {[%clk 00:03:01]} {[%emt 00:00:02]} c5 {[%clk 00:03:00]} {[%emt
00:00:04]} 2. c4 {[%clk 00:03:00]} {[%emt 00:00:03]} Nc6 {[%clk 00:03:00]}
{[%emt 00:00:01]} 3. Bg2 {[%clk 00:03:01]} {[%emt 00:00:01]} g6 {[%clk
00:02:59]} {[%emt 00:00:03]} 4. Nc3 {[%clk 00:03:01]} {[%emt 00:00:02]} Bg7
{[%clk 00:02:56]} {[%emt 00:00:04]} 5. e3 {[%clk 00:03:01]} {[%emt 00:00:03]}
h5 {[%clk 00:02:49]} {[%emt 00:00:09]} 6. h4 {[%clk 00:02:53]} {[%emt
00:00:09]} Nf6 {[%clk 00:02:49]} {[%emt 00:00:02]} 7. Nge2 {[%clk 00:02:54]}
{[%emt 00:00:01]} d6 {[%clk 00:02:45]} {[%emt 00:00:06]} 8. Nf4 {[%clk
00:02:53]} {[%emt 00:00:02]} Bg4 {[%clk 00:02:21]} {[%emt 00:00:26]} 9. f3
{[%clk 00:02:20]} {[%emt 00:00:35]} Bd7 {[%clk 00:02:22]} {[%emt 00:00:01]} 10.
O-O {[%clk 00:02:20]} {[%emt 00:00:02]} O-O {[%clk 00:02:19]} {[%emt 00:00:05]}
11. Kh2 {[%clk 00:02:18]} {[%emt 00:00:04]} e6 {[%clk 00:02:14]} {[%emt
00:00:07]} 12. Qe2 {[%clk 00:02:10]} {[%emt 00:00:09]} Ne7 {[%clk 00:02:02]}
{[%emt 00:00:14]} 13. d4 {[%clk 00:02:02]} {[%emt 00:00:10]} cxd4 {[%clk
00:01:54]} {[%emt 00:00:10]} 14. exd4 {[%clk 00:02:03]} {[%emt 00:00:01]} Nf5
{[%clk 00:01:55]} {[%emt 00:00:01]} 15. Be3 {[%clk 00:01:48]} {[%emt 00:00:17]}
Bc6 {[%clk 00:01:27]} {[%emt 00:00:30]} 16. Rad1 {[%clk 00:01:36]} {[%emt
00:00:12]} Qa5 {[%clk 00:01:01]} {[%emt 00:00:28]} 17. Bf2 {[%clk 00:01:18]}
{[%emt 00:00:20]} Rfe8 {[%clk 00:00:54]} {[%emt 00:00:09]} 18. Nd3 {[%clk
00:01:07]} {[%emt 00:00:13]} e5 {[%clk 00:00:24]} {[%emt 00:00:32]} 19. d5
{[%clk 00:00:38]} {[%emt 00:00:31]} Bd7 {[%clk 00:00:26]} {[%emt 00:00:01]} 20.
b4 {[%clk 00:00:35]} {[%emt 00:00:04]} Qc7 {[%clk 00:00:27]} {[%emt 00:00:01]}
21. c5 {[%clk 00:00:34]} {[%emt 00:00:04]} e4 {[%clk 00:00:23]} {[%emt
00:00:05]} 22. fxe4 {[%clk 00:00:32]} {[%emt 00:00:03]} Ng4+ {[%clk 00:00:23]}
{[%emt 00:00:02]} 23. Kg1 {[%clk 00:00:30]} {[%emt 00:00:04]} Bxc3 {[%clk
00:00:22]} {[%emt 00:00:03]} 24. Qc2 {[%clk 00:00:31]} {[%emt 00:00:01]} Nfe3
{[%clk 00:00:07]} {[%emt 00:00:17]} 25. Qxc3 {[%clk 00:00:27]} {[%emt
00:00:07]} Nxd1 {[%clk 00:00:08]} {[%emt 00:00:01]} 26. Rxd1 {[%clk 00:00:26]}
{[%emt 00:00:03]} Nxf2 {[%clk 00:00:09]} 27. Kxf2 {[%clk 00:00:26]} {[%emt
00:00:02]} dxc5 {[%clk 00:00:10]} {[%emt 00:00:01]} 28. bxc5 {[%clk 00:00:25]}
{[%emt 00:00:03]} Bb5 {[%clk 00:00:10]} {[%emt 00:00:03]} 29. d6 {[%clk
00:00:23]} {[%emt 00:00:04]} Qd7 {[%clk 00:00:10]} {[%emt 00:00:02]} 30. Nf4
{[%clk 00:00:20]} {[%emt 00:00:05]} Qg4 {[%clk 00:00:10]} {[%emt 00:00:02]} 31.
Bf3 {[%clk 00:00:19]} {[%emt 00:00:03]} Qd7 {[%clk 00:00:10]} {[%emt 00:00:02]}
32. Nd5 {[%clk 00:00:18]} {[%emt 00:00:02]} Re6 {[%clk 00:00:08]} {[%emt
00:00:05]} 33. Bg2 {[%clk 00:00:16]} {[%emt 00:00:04]} Qd8 {[%clk 00:00:08]}
{[%emt 00:00:01]} 34. Bh3 {[%clk 00:00:16]} {[%emt 00:00:02]} Bd7 {[%clk
00:00:05]} {[%emt 00:00:06]} 35. Bxe6 {[%clk 00:00:16]} {[%emt 00:00:02]} Bxe6
{[%clk 00:00:06]} 36. Nf6+ {[%clk 00:00:17]} {[%emt 00:00:01]} Kf8 {[%clk
00:00:07]} {[%emt 00:00:01]} 37. Qe3 {[%clk 00:00:16]} {[%emt 00:00:02]} Kg7
{[%clk 00:00:08]} {[%emt 00:00:02]} 38. Rd2 {[%clk 00:00:17]} {[%emt 00:00:01]}
Qxf6+ {[%clk 00:01:08]} {[%emt 00:00:20]} 39. Qf4 {[%clk 00:00:17]} {[%emt
00:00:24]} Qc3 {[%clk 00:01:08]} {[%emt 00:00:03]} 40. Qe3 {[%clk 00:00:12]}
{[%emt 00:00:37]} Qe5 {[%clk 00:01:07]} {[%emt 00:00:03]} 41. Qd4 {[%clk
00:00:08]} {[%emt 00:00:06]} Qxd4+ 42. Rxd4 {[%clk 00:00:08]} Rd8 {[%clk
00:01:05]} {[%emt 00:00:03]} 43. e5 {[%clk 00:00:08]} {[%emt 00:00:01]} f6
{[%clk 00:01:06]} {[%emt 00:00:02]} 44. Rb4 {[%clk 00:00:09]} {[%emt 00:00:01]}
Bd5 {[%clk 00:01:05]} {[%emt 00:00:03]} 45. Rd4 {[%clk 00:00:04]} {[%emt
00:00:06]} Be6 {[%clk 00:01:04]} {[%emt 00:00:03]} 46. Rb4 {[%clk 00:00:05]}
Rd7 {[%clk 00:01:05]} 47. Ke3 {[%clk 00:00:04]} {[%emt 00:00:03]} fxe5 {[%clk
00:01:07]} 48. a4 {[%clk 00:00:04]} {[%emt 00:00:03]} Kf6 {[%clk 00:01:08]}
{[%emt 00:00:01]} 49. a5 {[%clk 00:00:05]} a6 {[%clk 00:01:09]} {[%emt
00:00:01]} 50. Rb6 {[%clk 00:00:05]} {[%emt 00:00:02]} Bd5 {[%clk 00:01:08]}
{[%emt 00:00:03]} 51. Rb1 {[%clk 00:00:04]} {[%emt 00:00:04]} Bc6 {[%clk
00:01:08]} {[%emt 00:00:02]} 52. Re1 {[%clk 00:00:00]} {[%emt 00:00:04]} 0-1

[Event "Druzheskij Blitz (3+2) turnir ¹3 na Iristonskoj 06.10.2019g."]
[Site "VLADIKAVKAZ"]
[Date "2019.10.06"]
[Round "3.1"]
[White "Basiev, Valeriy P."]
[Black "Morozov, Vadim"]
[Result "0-1"]
[TimeControl "3' + 2\""]
[WhiteElo "2002"]
[BlackElo "1870"]

1. d4 {[%clk 00:03:02]} {[%emt 00:00:01]} d5 {[%clk 00:03:04]} 2. c4 {[%clk
00:03:03]} c6 {[%clk 00:03:05]} 3. Nf3 {[%clk 00:03:02]} {[%emt 00:00:04]} Nf6
{[%clk 00:03:06]} 4. Nc3 {[%clk 00:03:03]} {[%emt 00:00:01]} dxc4 {[%clk
00:03:07]} 5. a4 {[%clk 00:03:00]} {[%emt 00:00:05]} Bf5 {[%clk 00:03:08]}
{[%emt 00:00:02]} 6. e3 {[%clk 00:02:58]} {[%emt 00:00:04]} e6 {[%clk
00:03:09]} 7. Bxc4 {[%clk 00:02:59]} {[%emt 00:00:02]} Bb4 {[%clk 00:03:10]} 8.
O-O {[%clk 00:02:58]} {[%emt 00:00:02]} O-O {[%clk 00:03:11]} 9. Qe2 {[%clk
00:02:51]} {[%emt 00:00:10]} Qe7 {[%clk 00:03:10]} {[%emt 00:00:03]} 10. e4
{[%clk 00:02:47]} {[%emt 00:00:06]} Bg4 {[%clk 00:03:10]} {[%emt 00:00:02]} 11.
h3 {[%clk 00:02:40]} {[%emt 00:00:09]} Bh5 {[%clk 00:03:10]} {[%emt 00:00:01]}
12. a5 {[%clk 00:02:34]} {[%emt 00:00:09]} c5 {[%clk 00:02:55]} {[%emt
00:00:17]} 13. e5 {[%clk 00:02:01]} {[%emt 00:00:35]} Nfd7 {[%clk 00:02:39]}
{[%emt 00:00:18]} 14. Rd1 {[%clk 00:01:34]} {[%emt 00:00:29]} cxd4 {[%clk
00:02:35]} {[%emt 00:00:06]} 15. Rxd4 {[%clk 00:01:32]} {[%emt 00:00:05]} Nc6
{[%clk 00:02:33]} {[%emt 00:00:04]} 16. Rxd7 {[%clk 00:01:16]} {[%emt
00:00:18]} Qxd7 {[%clk 00:02:31]} {[%emt 00:00:04]} 17. Bf4 {[%clk 00:01:17]}
{[%emt 00:00:01]} Nd4 {[%clk 00:02:15]} {[%emt 00:00:18]} 18. Qe4 {[%clk
00:01:12]} {[%emt 00:00:07]} Nxf3+ {[%clk 00:02:02]} {[%emt 00:00:15]} 19. gxf3
{[%clk 00:01:13]} {[%emt 00:00:01]} Bg6 {[%clk 00:02:01]} {[%emt 00:00:03]} 20.
Qe3 {[%clk 00:01:08]} {[%emt 00:00:07]} Bxc3 {[%clk 00:01:39]} {[%emt
00:00:24]} 21. Qxc3 {[%clk 00:01:03]} {[%emt 00:00:07]} Rac8 {[%clk 00:01:33]}
{[%emt 00:00:08]} 22. Qb3 {[%clk 00:00:57]} {[%emt 00:00:08]} Qd4 {[%clk
00:01:20]} {[%emt 00:00:15]} 23. Be3 {[%clk 00:00:18]} {[%emt 00:00:41]} Qxc4
{[%clk 00:01:20]} {[%emt 00:00:02]} 24. Qxb7 {[%clk 00:00:19]} {[%emt
00:00:01]} Qh4 {[%clk 00:01:00]} {[%emt 00:00:20]} 25. Kg2 {[%clk 00:00:11]}
{[%emt 00:00:11]} Bf5 {[%clk 00:00:58]} {[%emt 00:00:05]} 26. Rh1 {[%clk
00:00:11]} {[%emt 00:00:01]} Rc2 {[%clk 00:00:40]} {[%emt 00:00:19]} 27. Bxa7
{[%clk 00:00:07]} {[%emt 00:00:06]} Qf4 {[%clk 00:00:32]} {[%emt 00:00:10]} 28.
Be3 {[%clk 00:00:05]} {[%emt 00:00:05]} Qxe3 {[%clk 00:00:32]} {[%emt
00:00:02]} 29. Kg3 {[%clk 00:00:06]} {[%emt 00:00:02]} Qxf2+ {[%clk 00:00:32]}
{[%emt 00:00:02]} 30. Kf4 {[%clk 00:00:07]} Rc4+ {[%clk 00:00:28]} {[%emt
00:00:06]} 31. Kg5 {[%clk 00:00:07]} {[%emt 00:00:02]} h6+ {[%clk 00:00:27]}
{[%emt 00:00:03]} 32. Kh5 {[%clk 00:00:07]} {[%emt 00:00:02]} Qh4# {[%clk
00:00:26]} {[%emt 00:00:02]} 0-1

[Event "Druzheskij Blitz (3+2) turnir ¹3 na Iristonskoj 06.10.2019g."]
[Site "VLADIKAVKAZ"]
[Date "2019.10.06"]
[Round "3.2"]
[White "Hortiev, Alan"]
[Black "Gaboev, Batraz"]
[Result "0-1"]
[TimeControl "3' + 2\""]
[WhiteElo "1638"]
[BlackElo "1987"]

1. e4 {[%clk 00:03:03]} {[%emt 00:00:59]} c5 {[%clk 00:03:04]} {[%emt
00:00:01]} 2. Nf3 {[%clk 00:03:04]} d6 {[%clk 00:03:05]} 3. Bc4 {[%clk
00:03:04]} {[%emt 00:00:02]} Nc6 {[%clk 00:03:04]} {[%emt 00:00:04]} 4. d4
{[%clk 00:02:58]} {[%emt 00:00:09]} cxd4 {[%clk 00:03:04]} {[%emt 00:00:02]} 5.
Nxd4 {[%clk 00:02:59]} {[%emt 00:00:01]} Nf6 {[%clk 00:03:01]} {[%emt
00:00:04]} 6. Nc3 {[%clk 00:03:00]} {[%emt 00:00:01]} e5 {[%clk 00:02:57]}
{[%emt 00:00:06]} 7. Nf3 {[%clk 00:02:54]} {[%emt 00:00:08]} Be7 {[%clk
00:02:51]} {[%emt 00:00:07]} 8. h3 {[%clk 00:02:54]} {[%emt 00:00:03]} O-O
{[%clk 00:02:51]} {[%emt 00:00:02]} 9. O-O {[%clk 00:02:55]} {[%emt 00:00:01]}
Be6 {[%clk 00:02:51]} {[%emt 00:00:02]} 10. Bd3 {[%clk 00:02:35]} {[%emt
00:00:22]} h6 {[%clk 00:02:45]} {[%emt 00:00:09]} 11. Be3 {[%clk 00:02:31]}
{[%emt 00:00:06]} Rc8 {[%clk 00:02:40]} {[%emt 00:00:07]} 12. Qd2 {[%clk
00:02:29]} {[%emt 00:00:04]} a6 {[%clk 00:02:37]} {[%emt 00:00:04]} 13. Rac1
{[%clk 00:02:29]} {[%emt 00:00:02]} b5 {[%clk 00:02:33]} {[%emt 00:00:06]} 14.
Nh2 {[%clk 00:02:10]} {[%emt 00:00:21]} d5 {[%clk 00:02:23]} {[%emt 00:00:12]}
15. exd5 {[%clk 00:02:01]} {[%emt 00:00:11]} Nxd5 {[%clk 00:02:24]} {[%emt
00:00:01]} 16. Nxd5 {[%clk 00:01:55]} {[%emt 00:00:09]} Qxd5 {[%clk 00:02:23]}
{[%emt 00:00:03]} 17. Bxh6 {[%clk 00:01:38]} {[%emt 00:00:19]} gxh6 {[%emt
00:00:01]} 18. Qxh6 e4 {[%clk 00:02:22]} 19. Be2 {[%clk 00:01:31]} {[%emt
00:00:09]} Qg5 {[%clk 00:02:15]} {[%emt 00:00:09]} 20. Qxg5+ {[%clk 00:01:22]}
Bxg5 {[%clk 00:02:16]} 21. Rcd1 {[%clk 00:01:20]} {[%emt 00:00:04]} Rfd8 {[%clk
00:02:01]} {[%emt 00:00:17]} 22. c3 {[%clk 00:01:20]} {[%emt 00:00:02]} f5
{[%clk 00:01:59]} {[%emt 00:00:03]} 23. f3 {[%clk 00:01:05]} {[%emt 00:00:17]}
Rxd1 {[%clk 00:01:43]} {[%emt 00:00:18]} 24. Rxd1 {[%clk 00:01:05]} {[%emt
00:00:01]} Rd8 {[%clk 00:01:44]} {[%emt 00:00:01]} 25. Re1 {[%clk 00:00:56]}
{[%emt 00:00:11]} Bd2 {[%clk 00:01:39]} {[%emt 00:00:07]} 26. Rf1 {[%clk
00:00:51]} {[%emt 00:00:07]} Be3+ {[%clk 00:01:37]} {[%emt 00:00:04]} 27. Kh1
{[%clk 00:00:52]} {[%emt 00:00:01]} Rd2 {[%clk 00:01:38]} {[%emt 00:00:01]} 28.
Bd1 {[%clk 00:00:49]} {[%emt 00:00:05]} Ne5 {[%clk 00:01:28]} {[%emt 00:00:11]}
29. fxe4 {[%clk 00:00:41]} {[%emt 00:00:10]} fxe4 {[%clk 00:01:29]} {[%emt
00:00:02]} 30. Re1 {[%clk 00:00:33]} {[%emt 00:00:10]} Bf2 {[%clk 00:01:29]} 31.
Rf1 {[%clk 00:00:33]} {[%emt 00:00:02]} e3 {[%clk 00:01:30]} {[%emt 00:00:02]}
32. Nf3 {[%clk 00:00:27]} {[%emt 00:00:09]} Nxf3 {[%clk 00:01:28]} {[%emt
00:00:04]} 33. gxf3 {[%clk 00:00:27]} {[%emt 00:00:01]} Bc4 {[%clk 00:01:28]}
{[%emt 00:00:03]} 0-1